000 00926cam a2200157 4500500
005 20260329011411.0
041 _afre
042 _adc
100 1 0 _aCampana, Marie-Noëlle
_eauthor
245 0 0 _aAline Bergé , Philippe Jaccottet, trajectoires et constellations , Lieux, livres, paysages. Payot, coll. Etudes et documents littéraires, Lausanne, 2004, 474 pages, 29 €
260 _c2005.
500 _a42
520 _aRésuméSi le paysage est bien l’expression d’un « sentiment du oui » au monde, il ne signifie pas pour autant qu’il faille « abandonner le refus et la révolte qui sont dans l’homme aussi essentiels que sa conscience même ». A l’instar du surréalisme, il s’agit de « repenser les noces rompues »...
786 0 _nÉtudes | 402 | 2 | 2005-02-01 | p. III-III | 0014-1941
856 4 1 _uhttps://shs.cairn.info/revue-etudes-2005-2-page-III?lang=fr&redirect-ssocas=7080
999 _c1861332
_d1861332